000 00517nam a2200181Ia 4500
001 25242
005 20260414151137.0
008 260414t2008||||xx |||||||||||||| ||spa||
041 _aESP
082 _a346.41
_bD75
100 _aDíez-Picazo, Luis
_eAUT
245 0 _aFundamentos del derecho civil patrimonial III :
_blas relaciones jurídico-reales. El registro de la propiedad. La posesión
260 _c2008
300 _a1050 páginas :
_c\N
650 _aDER
654 _aCDE
942 _cLIB
_dJUS
_fJUS
_2ddc
_n
999 _c25242
_d25242